Obálka Náhled e-knihy:
PDF Epub
Pro půjčování e-knih musíte být přihlášeni.
Jak si půjčit online?

Vincent : série Rodina Blakemoreových, 2. díl /

Další pokračování erotické série polské autorky odehrávající se v newyorském podsvětí.

Uloženo v:
Série:Blakemoreovi, část 2
Hlavní autor: Litkowiec, Kinga, 1994- (Autor)
Další autoři: Horáková, Jarmila, 1980- (Autor)
Médium: E-kniha
Jazyk:Czech
Vydáno: [Praha] : Dobrovský s.r.o., [2025]
Edice:Red
Témata:
Příbuzné jednotky:Z cyklu:: Blakemoreovi
Tagy:
Žádné tagy
LEADER 02711nam a2200481 i 4500
001 312745
003 CZ PrSKC
005 20260601215728.0
007 ta
008 250603t20252025xr e 000 f cze
015 |a cnb003688498 
020 |a 9788027723034  |q (brožováno)  |z 978-80-277-2303-5 :  |c Kč 349,00 
035 |a (OCoLC)1531362779 
040 |a ABG001  |b cze  |d ABA001  |e rda 
041 1 |a cze  |h pol 
072 7 |a 821.162.1  |x Polská literatura  |2 Konspekt 
080 |a 821.162.1-31  |2 MRF 
080 |a (0:82-993)  |2 MRF 
100 1 |a Litkowiec, Kinga,  |d 1994-  |7 xx0265096  |4 aut 
245 1 0 |a Vincent :  |b série Rodina Blakemoreových, 2. díl /  |c Kinga Litkowiec ; přeložila Jarmila Horáková 
246 3 0 |a Vincent 
264 1 |a [Praha] :  |b Dobrovský s.r.o.,  |c [2025] 
264 4 |c ©2025 
300 |a 218 stran ;  |c 20 cm 
336 |a text  |b txt  |2 rdacontent 
337 |a bez média  |b n  |2 rdamedia 
338 |a svazek  |b nc  |2 rdacarrier 
490 1 |a Red 
500 |a Přeloženo z polštiny? 
520 2 |a Další pokračování erotické série polské autorky odehrávající se v newyorském podsvětí.  |b Vincent Blakemore má jediný cíl - převzít moc. Nic jiného pro něj není důležité. To, co ostatním sourozencům připadá vyhovující, on považuje za plýtvání potenciálem. Každý má však nějakou slabost. Ve Vincentově případě je to Maddy Cloudová, žena, která ho okouzlila už před lety. A teď když se potkají podruhé, převrátí mu to život vzhůru nohama. Zbývá už jen jeden malý problém. Vincentova snoubenka a plánovaná svatba, která je v ekonomickém zájmu rodiny. Vincentův otec se rozzuří, když zjistí, že jeho syn má nové priority a už netouží převzít moc. Je připravený udělat cokoliv, aby dosáhl svého. Jen neví, že jeho syn také. Nakladatelská anotace. 
655 7 |a polské romány  |7 fd133084  |2 czenas 
655 7 |a erotické romány  |7 fd132211  |2 czenas 
655 9 |a Polish fiction  |2 eczenas 
655 9 |a erotic novels  |2 eczenas 
700 1 |a Horáková, Jarmila,  |d 1980-  |7 js20120827001  |4 trl 
710 2 |a Dobrovský (firma)  |7 olak2017946581  |4 pbl 
787 0 8 |i Z cyklu:  |t Blakemoreovi  |g 2 
830 0 |a Red 
900 |a ABA001  |b 21 
044 |a xr 
910 |a RBIT002 
998 |d 420898  |a https://core.palmknihy.cz/api/books/420898/cover?sxpn9w  |b https://core.palmknihy.cz/api/books/420898/cover/400?sxpn9w  |c https://core.palmknihy.cz/api/books/420898/cover/50?sxpn9w  |e 2029-02-14  |g 224  |i 9788027723034  |j https://core.palmknihy.cz/api/books/420898/preview.epub  |k https://core.palmknihy.cz/api/books/420898/preview.pdf  |l   |q 49  |r 1  |s https://www.palmknihy.cz/kniha/420898  |t ebook  |y 2025  |z 0  |v Blakemoreovi  |w 2 
999 |d 312743